1644 1396 1857 1932 1845 1465 1007 1357 1186 1267 1629 1935 1274 1636 1565 1952 1398 1808 1800 1359 1438 1430 1437 1368 1767 1422 1266 1360 1824 1750 1582 1597 1049 1233 1143 1494 1418 1027 1711 1479 1029 1873 1258 1838 1229 1471 1289 1792 1472 1188 1618 1197 1606 1892 1619 1794 1271 1946 1900 1612 1370 1941 1151 1998 1758 1239 1868 1412 1661 1789 1673 1929 1248 1475 1658 1276 1170 1688 1950 1945 1872 1082 1620 1211 1797 1561 1583 1415 1364 1980 1977 1049 1472 1467 1422 1128 1596 1032 1705 BCNSPRNW ULIB Ver.6.0+V

เปลี่ยนเป็นภาษาไทย

Change to English
 แสดงรายละเอียดบรรณานุกรม
  กลับหน้าหลัก

Brief Record : Get Marc (ISO 2709) : E-mail record : QR code < ปิดหน้าต่าง
LEADER : 00000nam 2200000uu 4500
001    13399128732
003     ULIB
008    240822s2566||||th 000 0 tha d
020    ^a9786163149701
060  0 ^aWF102^bพ247ส^c2566
100 0  ^aพรพรหม ย่อยสูงเนิน
245 00 ^aสรีรวิทยาระบบหายใจ/^cพรพรหม ย่อยสูงเนิน
246 00 ^aPhysiology of respiratory system
250    ^aพิมพ์ครั้งที่ 2
260    ^aกรุงเทพฯ:^bสำนักพิมพ์มหาวิทยาลัยธรรมศาสตร์,^c2566
650  0 ^aสรีรวิทยาการหายใจ
650  0 ^aระบบหายใจ -- สรีรวิทยา
856    ^a^zสารบัญ^uhttps://drive.google.com/file/d/1Xsz92YC4cCZgNechSET-cXPdSP4_OmwA/view?usp=share_link
945    ^p320^l0^i30174
945    ^p320^l0^i30175
945    ^p320^l0^i30176
945    ^p320^l0^i30177
945    ^p320^l0^i30178
999    ^aกัณชพร จุลอักษร
รายการนี้ยังไม่มีแท็ก
คุณยังไม่ได้ล็อกอิน คุณสามารถมีกิจกรรมร่วมกับเว็บไซต์ได้ แต่ต้องล็อกอินก่อน ::
  ล็อกอิน

รายการสื่อสารสนเทศ

ลำดับที่ ประเภท เลขเรียก/บาร์โค้ด สถานที่ สถานะ
1. หนังสือสำรอง
หนังสือสำรอง
WF102 พ247ส 2566 ฉ.1 
  Barcode: 30174
ห้องสมุดวิทยาเขตนครสวรรค์
►หนังสือทั่วไป:l:General Books
บนชั้น
2. วิทยาศาสตร์การแพทย์ และสุขภาพ
วิทยาศาสตร์การแพทย์ และสุขภาพ
WF102 พ247ส 2566 ฉ.2 
  Barcode: 30175
ห้องสมุดวิทยาเขตนครสวรรค์
►หนังสือทั่วไป:l:General Books
บนชั้น
3. วิทยาศาสตร์การแพทย์ และสุขภาพ
วิทยาศาสตร์การแพทย์ และสุขภาพ
WF102 พ247ส 2566 ฉ.3 
  Barcode: 30176
ห้องสมุดวิทยาเขตนครสวรรค์
►หนังสือทั่วไป:l:General Books
บนชั้น
4. วิทยาศาสตร์การแพทย์ และสุขภาพ
วิทยาศาสตร์การแพทย์ และสุขภาพ
WF102 พ247ส 2566 ฉ.4 
  Barcode: 30177
ห้องสมุดวิทยาเขตนครสวรรค์
►หนังสือทั่วไป:l:General Books
บนชั้น
5. วิทยาศาสตร์การแพทย์ และสุขภาพ
วิทยาศาสตร์การแพทย์ และสุขภาพ
WF102 พ247ส 2566 ฉ.5 
  Barcode: 30178
ห้องสมุดวิทยาเขตนครสวรรค์
►หนังสือทั่วไป:l:General Books
บนชั้น

รายการใกล้เคียง
    ผู้แต่ง [พรพรหม ย่อยสูงเนิน]

    หัวเรื่อง [สรีรวิทยาการหายใจ]
    หัวเรื่อง [ระบบหายใจ -- สรีรวิทยา]

BibComment


ยังไม่เคยถูกคอมเมนท์

คอมเมนท์ทรัพยากรรายการนี้
  คอมเมนท์: สรีรวิทยาระบบหาย..


 Copyright 2026. Bcnsprnw @Library